| 000 | 00747nam a2200217 a 4500 | ||
|---|---|---|---|
| 008 | |||
| 049 | _aMAIN | ||
| 090 | _aQA871 SOL | ||
| 100 | 1 | _aSoliman, Abdelfattah | |
| 245 | 1 | 0 |
_aOn the Lagrandian and updated Lagrandian non-linear finite element fomulations. / _cAbdelfattah Soliman. |
| 260 |
_aAnn Arbor: _b UMI Dissertation services, _c1994. |
||
| 300 |
_ax, 125 p. : _bill. ; _c29 cm. |
||
| 500 | _aThesis (PhD)---Waterloo,1990. | ||
| 650 | 1 | _aLagrandian non-linear finite element formulations. | |
| 700 |
_aWaterloo. _bDept. Of Mechanical Engineering. _tThesis. |
||
| 907 |
_a.b10188356 _b23-01-07 _c30-01-06 |
||
| 003 | |||
| 005 | 20230120153119.0 | ||
| 040 | _cNUST | ||
| 942 |
_cBOOKS _kQA871 SOL |
||
| 999 |
_c98998 _d98998 |
||